[Event "RN-2013-0-00678"]
[Site "LSS email"]
[Date "2013.08.07"]
[Round "?"]
[White "Ballarin, Sandro"]
[Black "Venturas, Bob"]
[Result "1-0"]
[WhiteElo "905"]
[BlackElo "731"]
[PlyCount "49"]
[EventDate "2013.07.27"]
[EventType "tourn (corr)"]
[EventRounds "6"]
[EventCountry "GER"]
[SourceTitle "Telechess CBM 161"]
[Source "ChessBase"]
[SourceDate "2014.07.16"]
[SourceVersion "1"]
[SourceVersionDate "2014.07.16"]
[SourceQuality "1"]

1. g3 Nc6 2. Bg2 d5 3. Nf3 e5 4. d3 Bf5 5. b3 e4 6. dxe4 Bxe4 7. Nc3 Nf6 8. Nxe4 Nxe4 9. 0-0 Bc5 10. Bb2 f6 11. e3 0-0 12. Nd4 Ne7 13. Ne6 Qd7 14. Nxf8 Kxf8 15. Bxe4 Rd8 16. Bxh7 d4 17. Qh5 Qd5 18. Qxd5 Nxd5 19. exd4 Be7 20. Be4 c6 21. Bxd5 cxd5 22. c4 dxc4 23. bxc4 Kf7 24. d5 Bc5 25. Rfe1 1-0

[Event "RN-2013-0-00678"]
[Site "LSS email"]
[Date "2013.08.07"]
[Round "?"]
[White "Kramskoi, Vasyl"]
[Black "Ballarin, Sandro"]
[Result "1/2-1/2"]
[WhiteElo "889"]
[BlackElo "905"]
[PlyCount "66"]
[EventDate "2013.07.27"]
[EventType "tourn (corr)"]
[EventRounds "6"]
[EventCountry "GER"]
[SourceTitle "Telechess CBM 161"]
[Source "ChessBase"]
[SourceDate "2014.07.16"]
[SourceVersion "1"]
[SourceVersionDate "2014.07.16"]
[SourceQuality "1"]

1. d4 d5 2. c4 e6 3. Nf3 c6 4. Nbd2 Nd7 5. e4 dxe4 6. Nxe4 f5 7. Neg5 Ndf6 8. Ne5 Nh6 9. Be2 g6 10. Bh5 Nxh5 11. 0-0 Be7 12. Ngf3 Ng4 13. Nxg4 fxg4 14. Ne5 Nf6 15. a3 Bd6 16. Bf4 Bxe5 17. Bxe5 h5 18. Qd3 Rh6 19. Rfe1 Nd7 20. Bg7 Nc5 21. Qc2 Qg5 22. Bxh6 Qxh6 23. dxc5 Bd7 24. b4 0-0-0 25. Rad1 g5 26. a4 Qf6 27. b5 h4 28. bxc6 Bxc6 29. Rxd8+ Kxd8 30. Qd1+ Ke7 31. Qd6+ Kf7 32. Qe5 Qxe5 33. Rxe5 Kf6 1/2-1/2

[Event "OP-2013-0-02857"]
[Site "LSS email"]
[Date "2013.07.09"]
[Round "?"]
[White "Garcia, Javier N"]
[Black "Ballarin, Sandro"]
[Result "0-1"]
[WhiteElo "833"]
[BlackElo "905"]
[PlyCount "78"]
[EventDate "2013.06.29"]
[EventType "tourn (corr)"]
[EventRounds "4"]
[EventCountry "GER"]
[SourceTitle "Telechess CBM 161"]
[Source "ChessBase"]
[SourceDate "2014.07.16"]
[SourceVersion "1"]
[SourceVersionDate "2014.07.16"]
[SourceQuality "1"]

1. d4 d5 2. c4 e6 3. Nc3 Nf6 4. Bg5 Nbd7 5. cxd5 exd5 6. Nxd5 Nxd5 7. Bxd8 Bb4+ 8. Qd2 Bxd2+ 9. Kxd2 Kxd8 10. e4 N5f6 11. f3 Nb6 12. b3 c6 13. Bd3 Be6 14. Ne2 Ke7 15. Nf4 g5 16. Nxe6 Kxe6 17. Bc4+ Nxc4+ 18. bxc4 c5 19. d5+ Ke5 20. Rad1 Rad8 21. Ke3 h5 22. h3 h4 23. Rb1 b6 24. Rhd1 Rhg8 25. a4 Rb8 26. Rb2 Rgd8 27. Rdb1 Nd7 28. Rf2 Rh8 29. f4+ gxf4+ 30. Rxf4 f6 31. Rbf1 Rbf8 32. Rf5+ Kd6 33. R1f4 Rfg8 34. Kf3 Ne5+ 35. Rxe5 fxe5 36. Rf6+ Kd7 37. Rf7+ Kd6 38. Rxa7 Ra8 39. Rb7 Rhf8+ 0-1

[Event "OP-2013-0-02862"]
[Site "LSS email"]
[Date "2013.07.05"]
[Round "?"]
[White "Ballarin, Sandro"]
[Black "Dlugolecki, Grzegorz"]
[Result "0-1"]
[WhiteElo "863"]
[BlackElo "1524"]
[PlyCount "42"]
[EventDate "2013.07.02"]
[EventType "tourn (corr)"]
[EventRounds "4"]
[EventCountry "GER"]
[SourceTitle "Telechess CBM 163"]
[Source "ChessBase"]
[SourceDate "2014.11.11"]
[SourceVersion "2"]
[SourceVersionDate "2014.11.11"]
[SourceQuality "1"]

1. g3 d5 2. Bg2 e5 3. e4 dxe4 4. Bxe4 Nf6 5. Bg2 Bc5 6. Nc3 Bg4 7. f3 Bf5 8. d3 Qd6 9. Nb5 Qb6 10. d4 exd4 11. Qe2+ Kf8 12. Bh3 d3 13. cxd3 Qxb5 14. Bxf5 Bxg1 15. Rxg1 Qxf5 16. g4 Qg6 17. h4 Nbd7 18. h5 Nxh5 19. Kd1 Re8 20. Qc2 Nhf6 21. Bd2 h5 0-1

[Event "OP-2013-0-02863"]
[Site "LSS email"]
[Date "2013.07.05"]
[Round "?"]
[White "Lauer, Fredric"]
[Black "Ballarin, Sandro"]
[Result "1/2-1/2"]
[WhiteElo "989"]
[BlackElo "905"]
[PlyCount "37"]
[EventDate "2013.07.02"]
[EventType "tourn (corr)"]
[EventRounds "4"]
[EventCountry "GER"]
[SourceTitle "Corr 2015"]
[Source "ChessBase"]
[SourceDate "2015.07.17"]
[SourceVersion "1"]
[SourceVersionDate "2015.07.17"]
[SourceQuality "1"]

1. e4 e5 2. Nf3 Nc6 3. Nc3 Nf6 4. d4 exd4 5. Nd5 Bc5 6. Bg5 Bb4+ 7. Nxb4 Nxb4 8. e5 h6 9. Bh4 g5 10. Nxg5 hxg5 11. Bxg5 c5 12. Bxf6 Qa5 13. Bxh8 Nxc2+ 14. Ke2 Nxa1 15. Qxa1 c4 16. f3 d3+ 17. Kf2 Qd2+ 18. Kg3 Qg5+ 19. Kf2 1/2-1/2

[Event "OP-2013-0-02862"]
[Site "LSS email"]
[Date "2013.07.04"]
[Round "?"]
[White "Ballarin, Sandro"]
[Black "Cabrera Trujillo, Claudio Tomas"]
[Result "1-0"]
[WhiteElo "863"]
[BlackElo "1012"]
[PlyCount "73"]
[EventDate "2013.07.02"]
[EventType "tourn (corr)"]
[EventRounds "4"]
[EventCountry "GER"]
[SourceTitle "Telechess CBM 163"]
[Source "ChessBase"]
[SourceDate "2014.11.11"]
[SourceVersion "2"]
[SourceVersionDate "2014.11.11"]
[SourceQuality "1"]

1. g3 g6 2. Bg2 Bg7 3. e4 d6 4. d4 Nf6 5. Nc3 Nbd7 6. Nf3 e5 7. Be3 0-0 8. h4 c6 9. Qd2 Qc7 10. d5 Re8 11. Bh3 Nf8 12. Bh6 Bxh3 13. Rxh3 Rad8 14. 0-0-0 a6 15. Bg5 h6 16. Bxh6 Ng4 17. Bg5 f6 18. Be3 Nxe3 19. Qxe3 f5 20. h5 fxe4 21. Nxe4 Qf7 22. Nfg5 Qf5 23. f3 c5 24. g4 Qf4 25. Qxf4 exf4 26. h6 Be5 27. Rh4 Nh7 28. Nxh7 Kxh7 29. g5 Rf8 30. c4 Rf5 31. Rd3 b5 32. Ra3 bxc4 33. Rxa6 Bd4 34. Nxd6 Rxd5 35. Ra7+ Kg8 36. h7+ Kh8 37. Nf7+ 1-0

[Event "OP-2013-0-02858"]
[Site "LSS email"]
[Date "2013.07.03"]
[Round "?"]
[White "Kochubej, Eduard"]
[Black "Ballarin, Sandro"]
[Result "1-0"]
[WhiteElo "1261"]
[BlackElo "905"]
[PlyCount "53"]
[EventDate "2013.06.30"]
[EventType "tourn (corr)"]
[EventRounds "4"]
[EventCountry "GER"]
[SourceTitle "Telechess CBM 161"]
[Source "ChessBase"]
[SourceDate "2014.07.16"]
[SourceVersion "1"]
[SourceVersionDate "2014.07.16"]
[SourceQuality "1"]

1. d4 d5 2. c4 e6 3. Nc3 Nf6 4. Bg5 Nbd7 5. e3 c6 6. Nf3 Be7 7. Bd3 h6 8. Bh4 g5 9. Bg3 Nh5 10. Qe2 g4 11. Nd2 f5 12. cxd5 cxd5 13. 0-0-0 Nb6 14. Be5 Bf6 15. h3 Bxe5 16. dxe5 Qg5 17. hxg4 fxg4 18. f4 gxf3 19. Nxf3 Qg4 20. Nb5 Ng3 21. Qc2 Nxh1 22. Bg6+ Kf8 23. Rd4 Qg3 24. Rf4+ Kg7 25. Rf7+ Kg8 26. Nd6 Bd7 27. Bh7+ 1-0

[Event "OP-2013-0-02857"]
[Site "LSS email"]
[Date "2013.07.02"]
[Round "?"]
[White "Lenz, Juergen"]
[Black "Ballarin, Sandro"]
[Result "1-0"]
[WhiteElo "1083"]
[BlackElo "905"]
[PlyCount "59"]
[EventDate "2013.06.29"]
[EventType "tourn (corr)"]
[EventRounds "4"]
[EventCountry "GER"]
[SourceTitle "Telechess CBM 161"]
[Source "ChessBase"]
[SourceDate "2014.07.16"]
[SourceVersion "1"]
[SourceVersionDate "2014.07.16"]
[SourceQuality "1"]

1. d4 d5 2. Nf3 Nc6 3. Bf4 Nf6 4. e3 Ne4 5. Nbd2 Bf5 6. Bb5 a6 7. Bxc6+ bxc6 8. Ne5 c5 9. c3 c4 10. f3 Nd6 11. 0-0 f6 12. Ng4 h5 13. Nf2 Nf7 14. e4 Be6 15. Qe2 g5 16. Be3 Qd6 17. exd5 Bxd5 18. Nfe4 Qd7 19. Nxc4 g4 20. Ncd2 Rg8 21. f4 Nd6 22. Nc5 Qc6 23. c4 Bf7 24. d5 Bxd5 25. cxd5 Qxd5 26. Ndb3 h4 27. Rad1 Qf7 28. Nxa6 Rc8 29. Rxd6 cxd6 30. Qb5+ 1-0

[Event "OP-2013-0-02835"]
[Site "LSS email"]
[Date "2013.06.21"]
[Round "?"]
[White "Ballarin, Sandro"]
[Black "Pauk, Jozef"]
[Result "1/2-1/2"]
[WhiteElo "905"]
[BlackElo "880"]
[PlyCount "85"]
[EventDate "2013.06.18"]
[EventType "tourn (corr)"]
[EventRounds "4"]
[EventCountry "GER"]
[SourceTitle "Telechess CBM 161"]
[Source "ChessBase"]
[SourceDate "2014.07.16"]
[SourceVersion "1"]
[SourceVersionDate "2014.07.16"]
[SourceQuality "1"]

1. g3 e5 2. e4 Nf6 3. Bg2 c6 4. Nc3 Bc5 5. Nge2 d6 6. 0-0 Nbd7 7. d4 Bb6 8. f4 exd4 9. Nxd4 Ne5 10. Kh1 Ng6 11. f5 Ne5 12. h3 d5 13. Bg5 Qd6 14. Bxf6 gxf6 15. Nf3 d4 16. a3 Nc4 17. e5 fxe5 18. Ne4 Qh6 19. Qc1 Qxc1 20. Raxc1 Nxb2 21. Nxe5 0-0 22. Nd6 f6 23. Nec4 Nxc4 24. Nxc4 Bc5 25. Rcd1 Bd7 26. c3 b5 27. cxd4 bxc4 28. dxc5 Be8 29. Rc1 Rc8 30. Rxc4 Bf7 31. Rh4 Bd5 32. Rff4 Bxg2+ 33. Kxg2 Rf7 34. Rhg4+ Rg7 35. Rxg7+ Kxg7 36. h4 Rb8 37. Rb4 Rxb4 38. axb4 h5 39. Kf3 Kf7 40. Ke4 Ke7 41. Kd4 Kd7 42. Kc4 Kc7 43. Kd4 1/2-1/2

[Event "OP-2013-0-02827"]
[Site "LSS email"]
[Date "2013.06.18"]
[Round "?"]
[White "Vontina, Maria"]
[Black "Ballarin, Sandro"]
[Result "0-1"]
[WhiteElo "772"]
[BlackElo "905"]
[PlyCount "21"]
[EventDate "2013.06.07"]
[EventType "tourn (corr)"]
[EventRounds "4"]
[EventCountry "GER"]
[SourceTitle "Corr 2015"]
[Source "ChessBase"]
[SourceDate "2015.07.17"]
[SourceVersion "1"]
[SourceVersionDate "2015.07.17"]
[SourceQuality "1"]

1. e4 e5 2. Nf3 Nc6 3. Bb5 Nf6 4. 0-0 Ng4 5. h3 h5 6. Bxc6 dxc6 7. hxg4 hxg4 8. Re1 gxf3 9. Qxf3 Qh4 10. Kf1 Bg4 11. Qg3 0-1

[Event "RN-2013-0-00654"]
[Site "LSS email"]
[Date "2013.06.12"]
[Round "?"]
[White "Ballarin, Sandro"]
[Black "Brough, Carl"]
[Result "1-0"]
[WhiteElo "905"]
[BlackElo "652"]
[PlyCount "95"]
[EventDate "2013.05.30"]
[EventType "tourn (corr)"]
[EventRounds "6"]
[EventCountry "GER"]
[SourceTitle "Telechess CBM 161"]
[Source "ChessBase"]
[SourceDate "2014.07.16"]
[SourceVersion "1"]
[SourceVersionDate "2014.07.16"]
[SourceQuality "1"]

1. d4 d5 2. c4 e6 3. Nc3 Nf6 4. Bg5 Bb4 5. Bxf6 Qxf6 6. Qa4+ Nc6 7. e3 Bd7 8. Qc2 0-0 9. a3 Bxc3+ 10. Qxc3 Rae8 11. Nf3 e5 12. dxe5 Nxe5 13. Nxe5 Rxe5 14. f4 Re6 15. Qxf6 Rxf6 16. cxd5 Re8 17. Kf2 Bf5 18. Rc1 Re7 19. Bc4 Be4 20. Rhd1 Rd7 21. Rd4 Bg6 22. Rcd1 Bh5 23. R1d2 a6 24. h3 b5 25. Bd3 Re7 26. g4 Bg6 27. f5 h6 28. Bc2 Bh7 29. d6 cxd6 30. Rxd6 Kf8 31. Rxf6 gxf6 32. Rd6 Rc7 33. Bd3 Ke7 34. Rxa6 Kf8 35. Rxf6 Ke7 36. Rxh6 Bg8 37. Rb6 f6 38. Rxb5 Bf7 39. Be4 Be8 40. Rb7 Rxb7 41. Bxb7 Kd6 42. e4 Ba4 43. h4 Bd1 44. Kg3 Ke7 45. h5 Kf7 46. h6 Kg8 47. Kh4 Kh7 48. g5 1-0

[Event "OP-2013-0-02819"]
[Site "LSS email"]
[Date "2013.06.07"]
[Round "?"]
[White "Csoma, Kristof"]
[Black "Ballarin, Sandro"]
[Result "1-0"]
[WhiteElo "1019"]
[BlackElo "905"]
[PlyCount "47"]
[EventDate "2013.06.01"]
[EventType "tourn (corr)"]
[EventRounds "4"]
[EventCountry "GER"]
[SourceTitle "Telechess CBM 161"]
[Source "ChessBase"]
[SourceDate "2014.07.16"]
[SourceVersion "1"]
[SourceVersionDate "2014.07.16"]
[SourceQuality "1"]

1. Nf3 d5 2. d4 Bf5 3. c4 Nf6 4. Qb3 b6 5. Nc3 Be4 6. Nd2 dxc4 7. Qxc4 Bb7 8. e4 c6 9. Be2 e6 10. 0-0 b5 11. Qd3 Ba6 12. Qe3 Bb7 13. e5 Nd5 14. Nxd5 exd5 15. e6 f6 16. Nb3 Be7 17. Qg3 g5 18. Qh3 Qd6 19. Nc5 Bc8 20. a4 Nd7 21. exd7+ Bxd7 22. Qxd7+ Qxd7 23. Nxd7 Kxd7 24. axb5 1-0

[Event "SN-2013-0-00512"]
[Site "LSS email"]
[Date "2013.05.26"]
[Round "?"]
[White "Ballarin, Sandro"]
[Black "Garcia, Javier N"]
[Result "1-0"]
[WhiteElo "905"]
[BlackElo "833"]
[PlyCount "65"]
[EventDate "2013.05.05"]
[EventType "tourn (corr)"]
[EventRounds "6"]
[EventCountry "GER"]
[SourceTitle "Telechess CBM 161"]
[Source "ChessBase"]
[SourceDate "2014.07.16"]
[SourceVersion "1"]
[SourceVersionDate "2014.07.16"]
[SourceQuality "1"]

1. d4 d5 2. c4 c6 3. Nc3 Nf6 4. Bf4 Bf5 5. e3 e6 6. c5 b5 7. b4 Be7 8. a4 Nbd7 9. axb5 cxb5 10. Nxb5 0-0 11. Rxa7 Rxa7 12. Nxa7 Ne4 13. Qa1 Nxf2 14. Kxf2 Bh4+ 15. g3 Bg5 16. Bd6 Re8 17. Bg2 Nf6 18. Ke2 Ne4 19. Nf3 Bg4 20. Nc6 Qa8 21. Nce5 Bxf3+ 22. Bxf3 Qxa1 23. Rxa1 Nc3+ 24. Kd2 Ne4+ 25. Bxe4 dxe4 26. b5 f6 27. h4 Bh6 28. Ng4 e5 29. Ra7 exd4 30. b6 dxe3+ 31. Nxe3 Bxe3+ 32. Kxe3 g6 33. b7 1-0

[Event "SN-2013-0-00512"]
[Site "LSS email"]
[Date "2013.05.26"]
[Round "?"]
[White "Tolnai, Rudolf"]
[Black "Ballarin, Sandro"]
[Result "1-0"]
[WhiteElo "964"]
[BlackElo "905"]
[PlyCount "39"]
[EventDate "2013.05.05"]
[EventType "tourn (corr)"]
[EventRounds "6"]
[EventCountry "GER"]
[SourceTitle "Telechess CBM 161"]
[Source "ChessBase"]
[SourceDate "2014.07.16"]
[SourceVersion "1"]
[SourceVersionDate "2014.07.16"]
[SourceQuality "1"]

1. e4 e5 2. Bc4 Nc6 3. c3 a6 4. a4 a5 5. h3 Bc5 6. Nf3 d6 7. d3 Nge7 8. 0-0 0-0 9. Bg5 h6 10. Bxe7 Qxe7 11. Bd5 Bd7 12. Bxc6 Bxc6 13. Nbd2 f5 14. b4 axb4 15. cxb4 Bxb4 16. Qb3+ d5 17. exd5 Bxd5 18. Qxd5+ Kh8 19. Nxe5 Rf6 20. Ndf3 1-0

[Event "OP-2013-0-02782"]
[Site "LSS email"]
[Date "2013.05.15"]
[Round "?"]
[White "Amuso, Jose Alberto"]
[Black "Ballarin, Sandro"]
[Result "1-0"]
[WhiteElo "989"]
[BlackElo "905"]
[PlyCount "53"]
[EventDate "2013.05.12"]
[EventType "tourn (corr)"]
[EventRounds "4"]
[EventCountry "GER"]
[SourceTitle "Telechess CBM 161"]
[Source "ChessBase"]
[SourceDate "2014.07.16"]
[SourceVersion "1"]
[SourceVersionDate "2014.07.16"]
[SourceQuality "1"]

1. e4 e5 2. Nf3 Nc6 3. Bb5 Nf6 4. d3 Ne7 5. Bg5 Ng6 6. 0-0 h6 7. Bxf6 Qxf6 8. Nc3 c6 9. Bc4 b5 10. Bb3 a5 11. a4 b4 12. Ne2 Bb7 13. c3 c5 14. d4 Bd6 15. Ng3 Rc8 16. Nh5 Qe7 17. Nxg7+ Kd8 18. Nf5 Qf6 19. Nxd6 Qxd6 20. dxc5 Qxc5 21. Bxf7 Bxe4 22. Bxg6 Bxg6 23. cxb4 axb4 24. a5 Ke7 25. Nxe5 Bf5 26. Re1 Kf6 27. Nxd7+ 1-0

[Event "OP-2013-0-02767"]
[Site "LSS email"]
[Date "2013.05.06"]
[Round "?"]
[White "Ballarin, Sandro"]
[Black "Jarvis, Neil"]
[Result "1-0"]
[WhiteElo "905"]
[BlackElo "800"]
[PlyCount "63"]
[EventDate "2013.05.02"]
[EventType "tourn (corr)"]
[EventRounds "4"]
[EventCountry "GER"]
[SourceTitle "Telechess CBM 161"]
[Source "ChessBase"]
[SourceDate "2014.07.16"]
[SourceVersion "1"]
[SourceVersionDate "2014.07.16"]
[SourceQuality "1"]

1. d4 Nf6 2. Bg5 Ne4 3. Bf4 d6 4. f3 Nf6 5. e4 Nbd7 6. Nc3 e5 7. dxe5 dxe5 8. Bg5 h6 9. Bh4 g5 10. Bf2 c6 11. a3 Bc5 12. Bxc5 Nxc5 13. Qxd8+ Kxd8 14. b4 Ne6 15. Bd3 Bd7 16. Nge2 Kc7 17. a4 a6 18. 0-0 Ne8 19. b5 a5 20. Rfb1 b6 21. bxc6 Bxc6 22. Bc4 Nd6 23. Bd5 Rhe8 24. Nb5+ Bxb5 25. axb5 Rac8 26. c4 Nc5 27. Ra3 Rf8 28. Nc3 f5 29. Na4 Nxa4 30. Rxa4 Kb8 31. Rc1 Nxb5 32. Rb1 1-0

[Event "OP-2013-0-02767"]
[Site "LSS email"]
[Date "2013.05.06"]
[Round "?"]
[White "Kharchuk, Yurij"]
[Black "Ballarin, Sandro"]
[Result "1-0"]
[WhiteElo "1210"]
[BlackElo "905"]
[PlyCount "49"]
[EventDate "2013.05.02"]
[EventType "tourn (corr)"]
[EventRounds "4"]
[EventCountry "GER"]
[SourceTitle "Telechess CBM 161"]
[Source "ChessBase"]
[SourceDate "2014.07.16"]
[SourceVersion "1"]
[SourceVersionDate "2014.07.16"]
[SourceQuality "1"]

1. e4 e5 2. Nf3 Nc6 3. Bb5 Nd4 4. Nxd4 exd4 5. 0-0 c6 6. Ba4 b5 7. Bb3 d6 8. c3 Nf6 9. cxd4 d5 10. e5 Ng4 11. a4 b4 12. d3 Qh4 13. h3 Nh6 14. Nd2 Qxd4 15. Nf3 Qc5 16. Bxh6 gxh6 17. Rc1 Qb6 18. a5 Qxa5 19. Nd4 Bb7 20. Ba4 Rc8 21. Nxc6 Bxc6 22. Rxc6 Rxc6 23. Bxc6+ Kd8 24. Qf3 Qc7 25. Qf6+ 1-0

[Event "OP-2013-0-02751"]
[Site "LSS email"]
[Date "2013.04.27"]
[Round "?"]
[White "Ballarin, Sandro"]
[Black "Malish, Dmitriy"]
[Result "1-0"]
[WhiteElo "905"]
[BlackElo "1034"]
[PlyCount "41"]
[EventDate "2013.04.21"]
[EventType "tourn (corr)"]
[EventRounds "4"]
[EventCountry "GER"]
[SourceTitle "Telechess CBM 161"]
[Source "ChessBase"]
[SourceDate "2014.07.16"]
[SourceVersion "1"]
[SourceVersionDate "2014.07.16"]
[SourceQuality "1"]

1. d4 Nf6 2. Bg5 Ne4 3. Bf4 e6 4. f3 Nf6 5. Bg5 Be7 6. Bxf6 Bxf6 7. e4 0-0 8. e5 Be7 9. Bd3 Nc6 10. Ne2 h6 11. Nbc3 a6 12. Ne4 d5 13. N4g3 f6 14. f4 fxe5 15. fxe5 Bd7 16. Nh5 Bg5 17. c3 Be7 18. g3 b5 19. Nef4 Bg5 20. Qg4 Bxf4 21. Qxg7# 1-0

[Event "OP-2013-0-02751"]
[Site "LSS email"]
[Date "2013.04.27"]
[Round "?"]
[White "Zaitseva, Viktoriya"]
[Black "Ballarin, Sandro"]
[Result "0-1"]
[WhiteElo "1457"]
[BlackElo "905"]
[PlyCount "29"]
[EventDate "2013.04.21"]
[EventType "tourn (corr)"]
[EventRounds "4"]
[EventCountry "GER"]
[SourceTitle "Corr 2015"]
[Source "ChessBase"]
[SourceDate "2015.07.17"]
[SourceVersion "1"]
[SourceVersionDate "2015.07.17"]
[SourceQuality "1"]

1. Nf3 d5 2. c4 dxc4 3. Na3 Nf6 4. Nxc4 g6 5. g3 Bd7 6. Bg2 c6 7. b4 a5 8. bxa5 Bg7 9. Bb2 Be6 10. Qc2 Bxc4 11. Qxc4 Nbd7 12. Bc3 Qc7 13. Rc1 0-0 14. Bb4 Nd5 15. Qxd5 0-1

[Event "SN-2013-0-00501"]
[Site "LSS email"]
[Date "2013.04.13"]
[Round "?"]
[White "Cortez, Jayro"]
[Black "Ballarin, Sandro"]
[Result "0-1"]
[WhiteElo "800"]
[BlackElo "905"]
[PlyCount "42"]
[EventDate "2013.03.20"]
[EventType "tourn (corr)"]
[EventRounds "6"]
[EventCountry "GER"]
[SourceTitle "Telechess CBM 161"]
[Source "ChessBase"]
[SourceDate "2014.07.16"]
[SourceVersion "1"]
[SourceVersionDate "2014.07.16"]
[SourceQuality "1"]

1. e4 e5 2. Nf3 Nc6 3. Bb5 Nd4 4. Nxd4 exd4 5. d3 a6 6. Ba4 b5 7. Bb3 Bb7 8. Qh5 Qe7 9. 0-0 g6 10. Qg5 f6 11. Qg3 0-0-0 12. Bf4 d6 13. c4 g5 14. Bd2 Qd7 15. a4 bxc4 16. Bxc4 Ne7 17. Ba5 d5 18. exd5 Nxd5 19. Nd2 Re8 20. Ne4 Bd6 21. Nxd6+ Qxd6 0-1

[Event "SN-2013-0-00501"]
[Site "LSS email"]
[Date "2013.04.13"]
[Round "?"]
[White "Pech, Matej"]
[Black "Ballarin, Sandro"]
[Result "1-0"]
[WhiteElo "1073"]
[BlackElo "905"]
[PlyCount "25"]
[EventDate "2013.03.20"]
[EventType "tourn (corr)"]
[EventRounds "6"]
[EventCountry "GER"]
[SourceTitle "Corr 2015"]
[Source "ChessBase"]
[SourceDate "2015.07.17"]
[SourceVersion "1"]
[SourceVersionDate "2015.07.17"]
[SourceQuality "1"]

1. d4 d5 2. c4 e6 3. Nc3 Nf6 4. Bg5 Nbd7 5. Nf3 c6 6. e3 Be7 7. Bd3 h6 8. Bh4 Qc7 9. 0-0 e5 10. cxd5 cxd5 11. Nb5 Qc6 12. Rc1 Qe6 13. Nc7+ 1-0

[Event "OP-2013-0-02725"]
[Site "LSS email"]
[Date "2013.04.11"]
[Round "?"]
[White "Ballarin, Sandro"]
[Black "Raines, David T"]
[Result "1-0"]
[WhiteElo "811"]
[BlackElo "1022"]
[PlyCount "81"]
[EventDate "2013.04.08"]
[EventType "tourn (corr)"]
[EventRounds "4"]
[EventCountry "GER"]
[SourceTitle "Telechess CBM 159"]
[Source "ChessBase"]
[SourceDate "2014.03.17"]
[SourceVersion "1"]
[SourceVersionDate "2014.03.17"]
[SourceQuality "1"]

1. d4 d5 2. c4 c6 3. c5 Nf6 4. f3 g6 5. Nc3 Bg7 6. a3 0-0 7. Bf4 Nbd7 8. Qd2 a5 9. a4 b6 10. cxb6 Nxb6 11. b3 Ba6 12. Bh6 Qd6 13. Bxg7 Kxg7 14. g3 Rfe8 15. Bg2 c5 16. e3 c4 17. Nb5 Bxb5 18. axb5 Qb4 19. Qxb4 axb4 20. Rb1 c3 21. Ne2 Ra2 22. Kf2 Rea8 23. g4 Nc4 24. bxc4 Rb2 25. Rxb2 cxb2 26. Rb1 dxc4 27. Rxb2 Ra4 28. b6 Nd7 29. b7 Nb8 30. Nc1 c3 31. Rb3 Ra1 32. Ne2 Ra4 33. f4 Na6 34. Nxc3 bxc3 35. Rxc3 Rb4 36. Kg3 e6 37. Bf1 Nb8 38. Rc7 h6 39. Bc4 Rb6 40. d5 exd5 41. Bxd5 1-0